En orbita / (Registro nro. 3552)

Detalles MARC
000 -LEADER
fixed length control field 00584nam a2200193Ia 4500
003 - CONTROL NUMBER IDENTIFIER
control field OSt
005 - DATE AND TIME OF LATEST TRANSACTION
control field 20250521160118.0
008 - FIXED-LENGTH DATA ELEMENTS--GENERAL INFORMATION
fixed length control field 191128t1983 ck er 000 f spa d
040 ## - CATALOGING SOURCE
Original cataloging agency CO-JMCR
Transcribing agency CO-JMCR
041 ## - LANGUAGE CODE
Language code of text/sound track or separate title spa
082 14 - DEWEY DECIMAL CLASSIFICATION NUMBER
Classification number J-N
Item number BLOe
100 1# - MAIN ENTRY--PERSONAL NAME
Personal name Block, Thomas H.
Relator term autor
9 (RLIN) 6365
245 13 - TITLE STATEMENT
Title En orbita /
Statement of responsibility, etc. Thomas H. Block
260 ## - PUBLICATION, DISTRIBUTION, ETC.
Place of publication, distribution, etc. Bogotá :
Name of publisher, distributor, etc. Circulo de lectores,
Date of publication, distribution, etc. ©1983
300 ## - PHYSICAL DESCRIPTION
Extent 316 páginas ;
Dimensions 20 cm.
520 ## - SUMMARY, ETC.
Summary, etc. El avión de pasajeros más veloz del mundo escapa de la atracción de la Tierra.
650 14 - SUBJECT ADDED ENTRY--TOPICAL TERM
Topical term or geographic name entry element Literatura orbitante
9 (RLIN) 6366
942 ## - ADDED ENTRY ELEMENTS (KOHA)
Source of classification or shelving scheme Dewey Decimal Classification
Koha item type Books
Existencias
Withdrawn status Lost status Source of classification or shelving scheme Damaged status Not for loan Collection code Home library Current library Date acquired Coded location qualifier Total Checkouts Total Renewals Full call number Barcode Date last seen Date last checked out Copy number Koha item type
    Dewey Decimal Classification     Fiction Biblioteca Pública José María del Castillo y Rada Biblioteca Pública José María del Castillo y Rada 11/28/2019 $0 3 2 J-N BLOe 201807416 07/21/2023 06/21/2023 Ej.1 Books